| 000 | 00477cam a2200205ua 4500 | ||
|---|---|---|---|
| 001 | 7168 | ||
| 005 | 20260515114150.0 | ||
| 008 | 141127n ii |||gr||||Z||||||eng | ||
| 020 | _a9788131303146 | ||
| 040 | _cMAIN | ||
| 041 | _aeng | ||
| 082 | _a378 | ||
| 100 |
_aDhar, Bharat B., _eAuthor. |
||
| 245 | 1 |
_aHigher education system _cBy Bharat B. Dhar |
|
| 250 | _a1st. | ||
| 260 |
_aNew Delhi: _bAPH, _c2008. |
||
| 300 | _a121p. | ||
| 653 | _aHigher education | ||
| 942 | _cBK | ||
| 999 |
_c6289 _d6289 |
||